00453 a2200145 4500020001500000020001500015040001300030100002200043245009400065260005800159300001100217440003200228650002600260700002100286 a0198751613 a0198751613 aDLCbDLC1 aBerkeley, George,12aA treatise concerning the principles of human knowledgecGeorge Berkeley, Jonathan Dancy. aOxford ;aNew York :bOxford University Press,c1998. a237 p. 0aOxford philosophical texts. 0aKnowledge, Theory of.1 aDancy, Jonathan.